Beth Phoenix's WrestleMania Opponents - Statistics

General Stats
  • This quiz has been taken 10 times
  • The average score is 12 of 15
Answer Stats
WrestleMania Opponent % Correct
WrestleMania 35 Bayley
100%
WrestleMania XXVIII Kelly Kelly
100%
WrestleMania 35 Tamina
100%
WrestleMania XXVI Alicia Fox
88%
WrestleMania 35 Billie Kay
88%
WrestleMania XXVI Maryse
88%
WrestleMania XXVI Michelle McCool
88%
WrestleMania 35 Nia Jax
88%
WrestleMania 35 Peyton Royce
88%
WrestleMania 35 Sasha Banks
88%
WrestleMania XXVI Layla
75%
WrestleMania XXVI Vickie Guerrero
75%
WrestleMania XXIV Ashley
50%
WrestleMania XXIV Maria
50%
WrestleMania XXVIII Maria Menounos
38%
No matching quizzes found
Score Distribution
Percent of People with Each Score
Percentile by Number Answered
Your Score History
You have not taken this quiz